Personnes au nom mythologique - Statistiques

Statistiques générales
  • Ce quiz a été pris 124 fois
  • Le résultat moyen est 8 sur 16
Statistiques - réponses
Par images Hint Réponse % Correct
Chanteuse Ariana Grande
94%
Aristocrate Diana Spencer
89%
Chanteur Bruno Mars
88%
Acteur Jason Statham
68%
Chanteuse Selena Gomez
68%
Actrice Pénélope Cruz
59%
Acteur Jason Momoa
57%
Joueuse de tennis Venus Williams
53%
Chanteuse Hélène Ségara
46%
Chanteur Jason Derulo
46%
Actrice Diane Krüger
29%
Animatrice et styliste Daphné Bürki
17%
Handballeur Daniel Narcisse
14%
Compositeur Hector Berlioz
13%
Artiste de cirque Achille Zavatta
11%
Chanteur Thomas Mars
2%
Aucun quiz correspondant
Distribution des résultats
% des personnes avec chaque résultat
Percentile par nombre de réponses
Votre historique - résultats
Vous n’avez pas pris ce quiz